MARC

LEADER 00000nam0a2200000 4500
001 264179
005 20231101233816.0
035 |a (RuTPU)RU\TPU\book\287170 
090 |a 264179 
100 |a 20140617d1988 k y0rusy50 ca 
101 0 |a rus 
102 |a RU 
105 |a a z 001zy 
200 1 |a Высокоинтенсивные процессы химической технологии  |e межвузовский сборник научных трудов  |f Ленинградский технологический институт им. Ленсовета (ЛТИ) ; под ред. В. А. Ершова 
210 |a Ленинград  |c Изд-во Ленинградского технологического ин-та  |d 1988 
215 |a 148 с.  |c ил. 
320 |a Библиография в конце докладов. 
606 1 |a Физико-химические исследования при высоких давлениях  |2 stltpush  |3 (RuTPU)RU\TPU\subj\31745  |9 54517 
610 1 |a высокоинтенсивные технологии 
610 1 |a высокоинтенсивные процессы 
610 1 |a химическая технология 
610 1 |a электрохимические технологии 
610 1 |a плазмохимические технологии 
610 1 |a фосфор 
610 1 |a карбид кальция 
610 1 |a абразивные процессы 
675 |a 66.08  |v 3 
702 1 |a Ершов  |b В. А.  |4 340 
712 0 2 |a Ленинградский технологический институт им. Ленсовета (ЛТИ)  |2 stltpush  |3 (RuTPU)RU\TPU\col\1462 
801 1 |a RU  |b 63413507  |c 20140617 
801 2 |a RU  |b 63413507  |c 20150520  |g RCR 
942 |c BK